000 00605nam a22002057a 4500
003 OSt
005 20251003161654.0
008 240614b |||||||| |||| 00| 0 eng d
020 _a013017968
040 _cMUST
082 _a515.9 SAF 2003.
100 _aSnider A.D, Saff E.B.
_917232
245 _aFundermentals of Complex Analysis with:
_bapplications to engineering and science,
250 _a3rd Ed.
260 _aNew Jersey;
_bPeason Education,
_c2003.
300 _ax,214p.:
_bill.;
_c23.2cm.
504 _aIncludes Bibliographical Indexes.
651 _2Complex Analysis.
942 _2ddc
_cO_SHELF
999 _c8483
_d8483